000 00372nam a2200145Ia 4500
008 230917s9999||||xx |||||||||||||| ||und||
040 _e100331
_aMAIN
041 _aEnglish
082 _a371.3028 E83E
100 _aYadav, Neelam, ed.
245 0 _aHandbook of educational technology
260 _aNew Delhi
_bAnmol Publications
300 _axii, 400 p.
942 _cBK
999 _c109992
_d109992